<?xml version="1.0" encoding="UTF-8"?>
<record
    xmlns:xsi="http://www.w3.org/2001/XMLSchema-instance"
    xsi:schemaLocation="http://www.loc.gov/MARC21/slim http://www.loc.gov/standards/marcxml/schema/MARC21slim.xsd"
    xmlns="http://www.loc.gov/MARC21/slim">

  <leader>01011nam a22002177a 4500</leader>
  <controlfield tag="005">20230526015018.0</controlfield>
  <controlfield tag="008">230526b        |||||||| |||| 00| 0 sp  d</controlfield>
  <datafield tag="040" ind1=" " ind2=" ">
    <subfield code="a">CUNOROC</subfield>
    <subfield code="b">SPA</subfield>
    <subfield code="c">CUNOROC</subfield>
    <subfield code="d">CUNOROC</subfield>
  </datafield>
  <datafield tag="041" ind1=" " ind2=" ">
    <subfield code="a">SPA</subfield>
    <subfield code="g">SPA</subfield>
    <subfield code="h">SPA</subfield>
  </datafield>
  <datafield tag="082" ind1=" " ind2=" ">
    <subfield code="a">T-00013-04</subfield>
  </datafield>
  <datafield tag="100" ind1="1" ind2="0">
    <subfield code="a">ESCOBAR MAZARIEGOS, MARCO AUGUSTO</subfield>
    <subfield code="9">4324</subfield>
  </datafield>
  <datafield tag="245" ind1=" " ind2=" ">
    <subfield code="a">DETERMINACION DE INDICES DE SITIO PARA CIPR&#xC9;S COM&#xDA;N Cupressus lusit&#xE1;nica Miller,  EN AREAS DE DISTRIBUCION NATURAL DEL DEPARTAMENTO DE HUEHUETENANGO, GUATEMALA./</subfield>
    <subfield code="c">MARCO AUGUSTO ESCOBAR MAZARIEGOS</subfield>
  </datafield>
  <datafield tag="260" ind1=" " ind2=" ">
    <subfield code="a">Huehuetenango,  Guatemala./</subfield>
    <subfield code="b">CUNOROC./</subfield>
    <subfield code="c">c1999.</subfield>
  </datafield>
  <datafield tag="300" ind1=" " ind2=" ">
    <subfield code="a">155 p&#xE1;ginas./</subfield>
    <subfield code="b">il./</subfield>
    <subfield code="c">26x34 cm.</subfield>
  </datafield>
  <datafield tag="502" ind1=" " ind2=" ">
    <subfield code="a">Tesis Ingenier&#xED;a Forestal./</subfield>
    <subfield code="b">Licenciatura./</subfield>
    <subfield code="c">Universidad de San Carlos de Guatemala./</subfield>
    <subfield code="d">c1999./</subfield>
    <subfield code="o">T-00013-04
</subfield>
  </datafield>
  <datafield tag="650" ind1=" " ind2=" ">
    <subfield code="a">INDICES DE SITIO</subfield>
    <subfield code="9">121</subfield>
  </datafield>
  <datafield tag="650" ind1=" " ind2=" ">
    <subfield code="a">CIPR&#xC9;S COM&#xDA;N</subfield>
    <subfield code="9">4325</subfield>
  </datafield>
  <datafield tag="650" ind1=" " ind2=" ">
    <subfield code="a">Cupressus lusit&#xE1;nica Miller</subfield>
    <subfield code="9">4326</subfield>
  </datafield>
  <datafield tag="856" ind1=" " ind2=" ">
    <subfield code="u">https://drive.google.com/file/d/1H5MDxk5FYQIR4vyV62_me09KrTfp7bp9/view?usp=sharing</subfield>
    <subfield code="y">DIGITAL</subfield>
  </datafield>
  <datafield tag="942" ind1=" " ind2=" ">
    <subfield code="2">ddc</subfield>
    <subfield code="c">TESIS</subfield>
    <subfield code="n">0</subfield>
  </datafield>
  <datafield tag="999" ind1=" " ind2=" ">
    <subfield code="c">1523</subfield>
    <subfield code="d">1523</subfield>
  </datafield>
  <datafield tag="952" ind1=" " ind2=" ">
    <subfield code="0">0</subfield>
    <subfield code="1">0</subfield>
    <subfield code="2">ddc</subfield>
    <subfield code="4">0</subfield>
    <subfield code="7">0</subfield>
    <subfield code="8">NFIC</subfield>
    <subfield code="a">CUH</subfield>
    <subfield code="b">CUH</subfield>
    <subfield code="c">REF</subfield>
    <subfield code="d">2023-05-25</subfield>
    <subfield code="i">T-00013-04</subfield>
    <subfield code="l">0</subfield>
    <subfield code="o">T-00013-04</subfield>
    <subfield code="r">2023-05-26 00:00:00</subfield>
    <subfield code="t">1</subfield>
    <subfield code="w">2023-05-26</subfield>
    <subfield code="y">TESIS</subfield>
    <subfield code="z">DISPONIBLE</subfield>
  </datafield>
</record>
